| 000 | 00418cam a2200181ua 4500 | ||
|---|---|---|---|
| 020 | _c1.00 | ||
| 041 |
_amal _h |
||
| 082 |
_a894.812301 _bKUM/MA |
||
| 100 | _aKumar, C B . | ||
| 245 |
_aMangiya Chitrangal / _cC B Kumar. _hTextual Documents |
||
| 250 |
_a1 / _b. |
||
| 260 |
_aCalicut : _bP.K Brothers , _c1948. |
||
| 300 | _a85 ; . | ||
| 365 | _a1.00 | ||
| 504 | _a | ||
| 942 | _cBK | ||
| 999 |
_c4901 _d4901 |
||